IFM Opac

The Concise Handbook of Mnagement (Record no. 18969)

MARC details
000 -LEADER
fixed length control field 00361nam a22001337a 4500
020 ## - INTERNATIONAL STANDARD BOOK NUMBER
International Standard Book Number 13:978026477
082 ## - DEWEY DECIMAL CLASSIFICATION NUMBER
Classification number 658.
100 ## - MAIN ENTRY--PERSONAL NAME
Personal name Scott T.Jonathan.
245 ## - TITLE STATEMENT
Title The Concise Handbook of Mnagement
260 ## - PUBLICATION, DISTRIBUTION, ETC.
Place of publication, distribution, etc. London.
Name of publisher, distributor, etc. best business book and the haworth refference press
Date of publication, distribution, etc. 2005
300 ## - PHYSICAL DESCRIPTION
Extent xiv.258p.
Other physical details ill,;21cm.
500 ## - GENERAL NOTE
General note Include index.
942 ## - ADDED ENTRY ELEMENTS (KOHA)
Koha item type Books

No items available.